00672nam a2200241 a 4500001001300000003000900013005001700022008004100039020000800080082001900088100003100107245002200138260003200160300000800192500003500200505001600235650002200251700003100273902000800304942000700312952009600319999001500415nice12345678IN_TiNIC20260116011542.0050524s1940 teha grp 000 0 eng  ac000a500.80297bANJ aAnjuman-I-Khuddam-Ud-Din,  aQuran and Science aTehranbNo Publisher c1940 a61p aincludes index and biblioraphy2 aArabic-Urdu aQuran and Science1 aAnjuman-I-Khuddam-Ud-Din,  bSRS cBK 00104070aHMIbHMId2005-05-24g0.00l0o500.80297 ANJp140r2024-08-27w2026-01-16yARB c2560d2560